01872nam a2200397 a 4500003000800000005001700008008004100025020001800066020001500084035001400099040004400113041000800157042000800165082002400173100005100197245007800248250001900326264004400345300005200389336002600441337002800467338002700495500003900522504005100561650006400612650006100676650005400737650004800791650006300839700004400902942001200946999001700958952016900975952016501144952016501309BD-RjUL20260407141457.0260407s2017 njua b 001 0 eng  a9780134275253 a0134275446 a(BD-RjUL) aDLCbengcDLCerdadLTSCAdYDXdBD-RjUL aeng apcc 223a428.5bAZU 20171 aAzar, Betty Schrampfer,d1941-eauthor.91805210aUnderstanding and using English grammar /cBetty S. Azar, Stacy A. Hagen. aFifth edition. 1aHoboken, NJ :bPearson Education,c2017 axiii, 492 pages :bcolor illustrations ;c26 cm atextbtxt2rdacontent aunmediatedbn2rdamedia avolumebnc2rdacarrier a"Fifth Edition with MyEnglishLab." aIncludes bibliographical references and index. 0aEnglish languagexGrammarvProblems, exercises, etc.918053 0aEnglish languagevTextbooks for foreign speakers.918054 6aAnglais (Langue)vManuels pour allophones.918055 7aEnglish language.2fast0(OCoLC)fst00910920 7aEnglish languagexGrammar.2fast0(OCoLC)fst00911209914951 aHagen, Stacy A.,d1956-eauthor.918056 2ddccBK c86332d86332 00102ddc40718NFICaRUCLbRUCLcReadingd2026-04-05eInternational Book Distributor, Dhakag11000.00l0o428.5 AZU 2017r2026-04-07 00:00:00tC-1w2026-04-07yBK 00102ddc40708NFICaRUCLbRUCLcGENd2026-04-05eInternational Book Distributor, Dhakag11000.00l0o428.5 AZU 2017r2026-04-07 00:00:00tC-2w2026-04-07yBK 00102ddc40708NFICaRUCLbRUCLcGENd2026-04-05eInternational Book Distributor, Dhakag11000.00l0o428.5 AZU 2017r2026-04-07 00:00:00tC-3w2026-04-07yBK